Mots: nourriture en L (EN --> FR) - Statistiques

Statistiques générales
  • Ce quiz a été pris 127 fois
  • Le résultat moyen est 7 sur 7
Statistiques - réponses
Hint Réponse % Correct
Milk Lait
100%
Lasagna Lasagne
100%
Lentils Lentilles
100%
Lemonade Limonade
100%
Vegetable Légume
92%
Lettuce Laitue
87%
Lychee Litchi
87%
Aucun quiz correspondant
Distribution des résultats
% des personnes avec chaque résultat
Percentile par nombre de réponses
Votre historique - résultats
Vous n’avez pas pris ce quiz